Built environment project and asset management

Detalles Bibliográficos
Formato: Electrónico Revista
Lenguaje:inglés
Publicado: Bingley, England : Emerald Group Publishing, 2011-
Materias:
Acceso en línea:Full text available from Research Library: 01/01/2011 to 1 year ago

MARC

LEADER 00000nas a2200000 i 4500
001 ssj0001068444
003 WaSeSS
005 20200512172242.0
006 m d
007 cr n
008 131212c20119999enkf| p|s|||||| |0eng d
022 |a 2044-1258  |l 2044-124X 
035 |a (WaSeSS)ssj0001068444 
040 |a WaSeSS  |b eng  |c WaSeSS  |d WaSeSS 
050 1 4 |a HD9715.A1 
222 0 |a Built environment project and asset management  |b (Online) 
245 0 0 |a Built environment project and asset management  |h [electronic resource]. 
260 |a Bingley, England :  |b Emerald Group Publishing,  |c 2011- 
310 |a Semiannual 
362 1 |a Began with Volume 1 (1) (2011). 
506 |a License restrictions may limit access. 
588 |a Description based on: Volume 1 (1) (2011); title from title screen (ProQuest, viewed Dec. 12, 2013). 
588 |a Latest issue consulted: Volume 3 (2) (2013) (viewed Dec. 12, 2013). 
650 0 |a Construction industry  |x Management  |v Periodicals. 
650 0 |a Engineering  |x Management  |v Periodicals. 
650 0 |a Project management  |v Periodicals. 
655 0 |a Electronic journals. 
776 0 8 |i Print version:  |t Built environment project and asset management  |x 2044-124X 
856 4 0 |z Full text available from Research Library: 01/01/2011 to 1 year ago  |u https://search.proquest.com/publication/956339